| 000 | 01593nkm a2200313 i 4500 | ||
|---|---|---|---|
| 001 | 4173 | ||
| 003 | ES-MaACL | ||
| 005 | 20250713062940.0 | ||
| 007 | khrbo | ||
| 008 | 070629s1987 sp --- g |001||spa d | ||
| 100 | 0 |
_aAlfonso, _d1902-1990 _919858 |
|
| 245 | 1 | 0 |
_aConmemoración del primer centenario de "Los pazos de Ulloa" [ _hFotografía] / _cAlfonso (sello). |
| 260 |
_a[Madrid : _bs.n.], _c1987. |
||
| 300 |
_a2 fot. : _bb. y n. ; _c12 x 18 cm. |
||
| 500 | _aDatos basados en invitación. | ||
| 505 | 8 | _aPonencias: "Entre la ética y la estética: Pardo Bazán ante el decadentismo francés" por John Kronik . "Pardo Bazán, crítica y conferenciante" por Pilar Palomo . "Emilia Pardo Bazán, periodista" por Juan Cruz | |
| 511 | 0 | _aIntervienen: John Kronik, Pilar Palomo, Juan Cruz; moderador: José Prat. | |
| 518 | _aActo organizado por el Ateneo de Madrid y la Facultad de Filología de la Universidad Complutense, celebrado en el Salón de Actos el jueves, 10 de diciembre de 1987, a las 19:00 h. | ||
| 600 | 1 | 4 |
_aKronik, John W. _968893 |
| 600 | 1 | 7 |
_aPalomo, María del Pilar, _d1933- _2 _9144616 |
| 600 | 1 | 4 |
_aCruz, Juan. _941798 |
| 600 | 1 | 4 |
_aPrat, José, _d1905-1994 _993665 |
| 600 | 1 | 4 |
_aPardo Bazán, Emilia, _cCondesa de, _d1851-1921 _9176434 |
| 610 | 2 | 4 |
_aAteneo de Madrid- _xActos culturales- _y1987- _vFotografías. _91902 |
| 710 | 2 |
_aUniversidad Complutense de Madrid. _bFacultad de Filología _97120 |
|
| 852 |
_aES-MaACL _jFOT 238/1987 |
||
| 856 | 4 |
_uhttp://www.ateneodemadrid.net/biblioteca_digital/imagenes/1987/0238-1987.jpg _zVer imagen |
|
| 999 |
_c4173 _d4173 |
||